000 00445nam a22001457a 4500
008 220406b |||||||| |||| 00| 0 eng d
020 _a0486430847.
050 _aU21.D3 2OO3.
100 _aDavie,Maurice.R
_951233
245 _aThe evolution of war:
_ba study of its role in early societies
_cMaurice R.Davie
260 _aNew York:
_bDover Publications,
_c2003.
300 _avi,391p,;
_c21cm
650 _aWar.
_96446
942 _2lcc
_cMONOGRAPH
999 _c131262
_d131262